000 00442nam a2200181Ia 4500
001 2116
005 20260306143818.0
008 260306t2018||||xx |||||||||||||| ||spa||
041 _aESP
082 _a612.825
_bM84
100 _aMontes, Zoraida G. de
_eAUT
245 0 _aCerebro, inteligencias y mapas mentales
260 _c2018
300 _axvi, 404 páginas :
_c24 cm.
650 _aGEN
654 _aCPS
942 _cLIB
_dJUS
_fJUS
_2ddc
_n
999 _c2116
_d2116